| 000 | 01109nas a2200289 454500 | ||
|---|---|---|---|
| 001 | 23240 | ||
| 005 | 20260407193506.0 | ||
| 008 | 260407s1983####ag###########|||spa#d | ||
| 003 | AR-UNSa-BCEJYS | ||
| 040 |
_aAR-UNSa-BCEJYS _bspa _cAR-UNSa-BCEJYS |
||
| 080 |
_a330 _xEconomía en general |
||
| 245 | 1 | 0 | _aInforme económico de coyuntura |
| 022 | _a0327-8174 | ||
| 264 | 1 |
_aBuenos Aires : _bConsejo Profesional de Ciencias Económicas de la Capital Federal, Territorio Nacional de Tierra del Fuego, Antártida e Islas del Atlántico Sur _c1983 |
|
| 310 | _aFrecuencia: Mensual | ||
| 942 | _cSER | ||
| 590 | _aniveau_biblio:s niveau_hierar:1 | ||
| 100 | 1 | _aConsejo Profesional de Ciencias Económicas de la Ciudad Autónoma de Buenos Aires (CPCECABA) | |
| 700 | 1 | _aRoel Mora, Daniel | |
| 700 | 1 | _aChojo Ortiz, Ignacio | |
| 650 | _aComercio internacional | ||
| 650 | _aDatos estadísticos | ||
| 650 | _aMoneda | ||
| 650 | _aCOMERCIO EXTERIOR | ||
| 650 | _aFINANCIAMIENTO | ||
| 856 | 4 | 1 |
_uhttps://biblioeco.unsa.edu.ar/pmb/images/revistas/Informe Economico de Conyuntura.jpg _yImagen de portada _qimage/jpeg |
| 999 |
_c8559 _d8559 |
||